| 000 | 00645nam a2200253Ia 4500 | ||
|---|---|---|---|
| 003 | OSt | ||
| 005 | 20221007104856.0 | ||
| 006 | a|||||r|||| 00| 0 | ||
| 007 | ta | ||
| 008 | 221006b |||||||| |||| 00| 0 eng d | ||
| 024 | _a17,005 | ||
| 037 | _cTextual | ||
| 040 |
_aLCO _cLCO _beng |
||
| 041 |
_2eng _aeng |
||
| 082 | _aZ2,5X61, K7 | ||
| 100 |
_aRow Sanjiva _9232802 |
||
| 245 | 0 | _aCourt Fees and Suits Valuation Acts | |
| 250 | _a7th | ||
| 260 |
_aAllahabad _bLaw Book Company India _c1967 |
||
| 300 | _a1374 | ||
| 650 | _aCOURT FEES | ||
| 942 |
_hZ2,5X61, K7 _cTEXL |
||
| 999 |
_c1186568 _d1186568 |
||